| 000 | 00937cam a2200277 i 4500 | ||
|---|---|---|---|
| 999 |
_c200450152 _d68364 |
||
| 001 | 200450152 | ||
| 003 | TR-AnTOB | ||
| 005 | 20221003093220.0 | ||
| 007 | ta | ||
| 008 | 970811s1956 tu a 000 0 turx | ||
| 040 |
_aDLC _beng _erda _cITU _dITU _dTR-AnTOB |
||
| 041 | 1 |
_atur _heng |
|
| 050 | 0 | 4 |
_aTS192 _b.F3319 1956 |
| 090 |
_aTS192 _b.F3319 1956 |
||
| 245 | 0 | 0 |
_aFabrika tesisi bakımı / _cyayınlayan İngiliz Prodüktivite Heyeti ; çeviren Nusret Kürkçüoğlu. |
| 264 | 1 |
_aİstanbul : _bİstanbul Teknik Üniversitesi Türk Teknik Haberleşme Merkezi, _c1956. |
|
| 300 |
_avi, (2), 119 pages : _billustrations ; _c24 cm |
||
| 336 |
_atext _btxt _2rdacontent |
||
| 337 |
_aunmediated _bn _2rdamedia |
||
| 338 |
_avolume _bnc _2rdacarrier |
||
| 650 | 7 |
_aTesis bakımı _2etuturkob _9138636 |
|
| 700 | 1 |
_aKürkçüoğlu, Nusret _etranslator _9129599 |
|
| 942 |
_2lcc _cBK |
||